000 00274nam a2200097Ia 4500
005 20250424112832.0
008 250424s9999 xx 000 0 und d
300 _av. , 89 p. : ill. ; 28 cm.
650 _aFinance, Personal--Periodicals. Investments--Periodicals.
942 _cSR
999 _c37412
_d37412